Kraje półkuli zachodniej - Statystyki

Ogólne statystyki
  • Ten quiz został rozwiązany 119 razy
    80 od ostatniego zresetowania
  • Średni wynik to 36 z 57
Statystyki odpowiedzi
Kontynent Kraj % Poprawnych
Europa Portugalia
96%
Europa Hiszpania
94%
Europa Francja
93%
Europa Irlandia
93%
Europa Wielka Brytania
93%
Ameryka Północna Stany Zjednoczone
88%
Ameryka Północna Kanada
85%
Europa Islandia
84%
Ameryka Północna Meksyk
84%
Ameryka Południowa Brazylia
81%
Ameryka Południowa Chile
78%
Ameryka Północna Kuba
78%
Ameryka Południowa Argentyna
75%
Afryka Maroko
75%
Ameryka Północna Dominika
74%
Ameryka Południowa Paragwaj
74%
Ameryka Południowa Urugwaj
72%
Ameryka Północna Dominikana
71%
Ameryka Północna Panama
71%
Ameryka Południowa Kolumbia
68%
Ameryka Południowa Peru
68%
Afryka Algieria
66%
Ameryka Południowa Ekwador
63%
Ameryka Północna Kostaryka
63%
Afryka Senegal
63%
Europa Dania (Grenlandia)
62%
Ameryka Północna Haiti
62%
Afryka Wybrzeże Kości Słoniowej
62%
Ameryka Południowa Boliwia
60%
Ameryka Północna Jamajka
60%
Ameryka Południowa Wenezuela
60%
Ameryka Południowa Gujana
59%
Ameryka Północna Gwatemala
59%
Ameryka Północna Nikaragua
59%
Ameryka Północna Bahamy
57%
Ameryka Północna Honduras
57%
Afryka Gwinea
56%
Ameryka Północna Salwador
56%
Afryka Ghana
54%
Afryka Mauretania
54%
Ameryka Południowa Surinam
54%
Ameryka Północna Belize
53%
Afryka Gambia
53%
Afryka Mali
53%
Afryka Gwinea Bissau
50%
Ameryka Północna Saint Lucia
47%
Ameryka Północna Antigua i Barbuda
46%
Ameryka Północna Barbados
46%
Ameryka Północna Saint Vincent i Grenadyny
46%
Afryka Sierra Leone
46%
Afryka Burkina Faso
44%
Afryka Republika Zielonego Przylądka
44%
Afryka Togo
44%
Ameryka Południowa Trynidad i Tobago
44%
Ameryka Północna Saint kitts i Nevis
43%
Ameryka Północna Grenada
41%
Afryka Liberia
40%
Nie znaleziono quizów pasujących do podanych kryteriów
Rozkład punktacji
Procent ludzi z każdym wynikiem
Percentyl według liczby udzielonych odpowiedzi
Twoja historia wyników
Nie rozwiązałeś tego quizu od ostatniego zresetowania